000 01007nam a22003135b 4500
001 00348
003 DO-SdBPM
005 20250526131520.0
007 00348
008 930812s1997 sp | | ||spa
017 _a
_b
020 _a0679781463
035 _a
040 _aDO-SdBPM
_bspa
_cBPMSU
_e
082 _aA863.6
_bM385n 1997
_222
100 1 _aMartínez, Tomás Eloy
_d1934-2010
245 1 3 _aLa novela de Perón /
_cTomás Eloy Martínez
_h
260 _aEstados Unidos :
_bVintage book,
_c1997
300 _a362 p. ;
_c22 cm
490 _aFicción ;
_aLiteratura
_v
500 _aUnos de los libros más originales y más entretenidos que ha salido América Latina durante los últimos tiempos
590 _aInventariado, 2025/VM
600 1 4 _aPerón, Juan Domingo
_d1895-1974
_vNovela
_2
650 4 _aNovela argenina
650 4 _aPeronismo
_vNovela
651 4 _aArgentina
_xPolítica y gobierno
_vNovela
942 _2ddc
_cBK
956 _aVMATEO
_b10
_c20160629
_dBPMSU
_f00069
999 _c10626
_d10626